[Event "DEM U12 2017"]
[Site "Willingen GER"]
[Date "2017.06.04"]
[Round "2"]
[White "Gluma, Christian"]
[Black "Reindl, Jork"]
[Result "0-1"]
[Termination "time forfeit"]
[Board "23"]
[WhiteElo "1691"]
[BlackElo "1461"]
[PlyCount "76"]
[WhiteFideId "16223209"]
[BlackFideId "16200152"]
[EventCountry "GER"]
[EventRounds "11"]
[EventType "swiss"]
[EventDate "2017.06.03"]

1. e4 e6 2. d4 d5 3. Nc3 Bb4 4. Bd3 c5 5. exd5 cxd4 6. a3 dxc3 7. axb4 Qxd5 8.
Nf3 Nf6 9. O-O O-O 10. bxc3 Rd8 11. Ra5 Qd6 12. Bg5 Qe7 13. Qc1 Nbd7 14. Bd2 b6
15. Rg5 Bb7 16. Rg3 Bxf3 17. gxf3 Ne5 18. Be2 Ng6 19. Kh1 Qd6 20. Bg5 Qe7 21.
Rfg1 Rac8 22. h4 Nf8 23. h5 g6 24. Bd3 Rd5 25. c4 Rd4 26. Qa1 Rcd8 27. Rg4 Rxg4
28. Rxg4 N8d7 29. Qxa7 Qxb4 30. Rd4 Rf8 31. Kg2 e5 32. Rxd7 Nxd7 33. Qxd7 Qc3
34. Bh6 Rb8 35. hxg6 hxg6 36. Bxg6 Qxc4 37. Be4 Qe6 38. Qd2 Kh8 0-1

[Event "DEM U12 2017"]
[Site "Willingen GER"]
[Date "2017.06.04"]
[Round "2"]
[White "Stillbauer, Jan"]
[Black "Haufe, Laurin"]
[Result "1-0"]
[Termination "normal"]
[Board "24"]
[WhiteElo "1658"]
[BlackElo "1665"]
[PlyCount "83"]
[WhiteFideId "16239393"]
[BlackFideId "12976504"]
[EventCountry "GER"]
[EventRounds "11"]
[EventType "swiss"]
[EventDate "2017.06.03"]

1. e4 c5 2. Nf3 d6 3. d4 cxd4 4. Nxd4 Nf6 5. Nc3 a6 6. f3 e5 7. Nb3 Be6 8. Be3
Be7 9. Qd2 b5 10. O-O-O Qc7 11. g4 Nbd7 12. g5 Nh5 13. Rg1 Rc8 14. Kb1 Nb6 15.
Be2 Nc4 16. Bxc4 bxc4 17. Nc1 Qb7 18. Nd5 Rb8 19. c3 Bxd5 20. exd5 a5 21. a3
O-O 22. Ka2 Qb5 23. Ne2 Qb3+ 24. Ka1 Rb7 25. Rb1 Qa4 26. Ng3 Nf4 27. Bxf4 exf4
28. Nf5 f6 29. Nxe7+ Rxe7 30. gxf6 Rxf6 31. Qd4 Rff7 32. h4 Rb7 33. h5 Rb3 34.
Rg2 Rfb7 35. h6 g6 36. Qf6 Qd7 37. Qe6+ Qxe6 38. dxe6 R3b5 39. Re1 Re7 40. Rd2
Re5 41. Rxe5 dxe5 42. Rd8+ 1-0

[Event "DEM U12 2017"]
[Site "Willingen GER"]
[Date "2017.06.04"]
[Round "2"]
[White "Frank, Marek"]
[Black "Wildermuth, Nikolas Karl"]
[Result "1/2-1/2"]
[Termination "normal"]
[Board "25"]
[WhiteElo "1639"]
[BlackElo "1422"]
[PlyCount "81"]
[WhiteFideId "16239520"]
[BlackFideId "16244699"]
[EventCountry "GER"]
[EventRounds "11"]
[EventType "swiss"]
[EventDate "2017.06.03"]

1. e4 c5 2. d4 cxd4 3. c3 dxc3 4. Nxc3 a6 5. Nf3 e6 6. Bc4 Ne7 7. O-O Ng6 8.
Qe2 b5 9. Bb3 Bd6 10. Rd1 Nc6 11. Be3 Bb7 12. Rd2 Qc7 13. Rad1 Rd8 14. Rc2 O-O
15. a4 b4 16. Nb5 axb5 17. axb5 Qa5 18. bxc6 Bxc6 19. Bd4 Rc8 20. Qe3 Qa8 21.
Rdc1 Bb5 22. Bc5 Bxc5 23. Rxc5 Rxc5 24. Qxc5 Qc6 25. Nd4 Qxc5 26. Rxc5 Ra8 27.
g3 Bc6 28. Nxc6 Rc8 29. Ba4 dxc6 30. Rxc6 Rxc6 31. Bxc6 Kf8 32. f4 Ke7 33. Kf2
f6 34. b3 Kd6 35. Bb5 Kc5 36. Bc4 Kd4 37. Bxe6 Kxe4 38. Bg8 Nf8 39. Ke2 h6 40.
Bc4 Nd7 41. Bd3+ 1/2-1/2

[Event "DEM U12 2017"]
[Site "Willingen GER"]
[Date "2017.06.04"]
[Round "2"]
[White "Grabbel, Torben Frederik"]
[Black "Müller, Magnus"]
[Result "1/2-1/2"]
[Termination "normal"]
[Board "26"]
[WhiteElo "1411"]
[BlackElo "1599"]
[PlyCount "116"]
[WhiteFideId "16219180"]
[BlackFideId "16230060"]
[EventCountry "GER"]
[EventRounds "11"]
[EventType "swiss"]
[EventDate "2017.06.03"]

1. d4 Nf6 2. c4 e6 3. Nc3 Bb4 4. Qc2 O-O 5. Nf3 c5 6. a3 Bxc3+ 7. Qxc3 cxd4 8.
Nxd4 a5 9. Bg5 b6 10. Qf3 Ra7 11. Nb5 Ra6 12. e3 h6 13. Bh4 Nc6 14. Bg3 e5 15.
Bh4 g5 16. Bg3 d5 17. cxd5 Bg4 18. Qxg4 Nxg4 19. dxc6 Qe7 20. Rc1 Raa8 21. Be2
Nf6 22. c7 Rfc8 23. Bf3 e4 24. Be2 h5 25. Bd6 Qd7 26. O-O Ne8 27. Rfd1 Nxd6 28.
Rxd6 Qe7 29. Rdc6 Qd7 30. Nd6 Rxc7 31. Rxc7 Qxd6 32. R7c6 Qd2 33. R6c2 Qd5 34.
Bxh5 Ra7 35. Be2 Qe5 36. h3 Kg7 37. Bg4 f5 38. Be2 Rd7 39. b4 axb4 40. axb4 Ra7
41. b5 Ra1 42. Bf1 Rxc1 43. Rxc1 f4 44. Re1 Qc3 45. Re2 f3 46. gxf3 exf3 47.
Ra2 Qb3 48. Ra7+ Kf6 49. Ra8 Kg7 50. Rb8 Qe6 51. Rb7+ Kf8 52. Rh7 Qg6 53. Rh8+
Kg7 54. Rc8 g4 55. Rc7+ Kf8 56. Rc6 Qg5 57. hxg4 Qxg4+ 58. Kh2 Qh4+ 1/2-1/2

[Event "DEM U12 2017"]
[Site "Willingen GER"]
[Date "2017.06.04"]
[Round "2"]
[White "Mailitis, Ricardo"]
[Black "Tran, Minh Dat"]
[Result "1-0"]
[Termination "normal"]
[Board "27"]
[WhiteElo "1633"]
[BlackElo "1403"]
[PlyCount "43"]
[WhiteFideId "12977535"]
[BlackFideId "16244702"]
[EventCountry "GER"]
[EventRounds "11"]
[EventType "swiss"]
[EventDate "2017.06.03"]

1. e4 e5 2. Nf3 Nc6 3. Bc4 Nf6 4. d3 Na5 5. Nxe5 Nxc4 6. Nxc4 Bc5 7. Bg5 d6 8.
Nc3 a6 9. Nd5 Be6 10. Nce3 h6 11. Bxf6 gxf6 12. d4 Ba7 13. c3 c6 14. Nf4 Bd7
15. Qf3 Rg8 16. Nh5 Rg6 17. g3 Qe7 18. O-O-O O-O-O 19. Rhe1 Rdg8 20. Nf5 Qe6
21. Nf4 Qxa2 22. Nxg6 1-0

[Event "DEM U12 2017"]
[Site "Willingen GER"]
[Date "2017.06.04"]
[Round "2"]
[White "Kühn, Antoni"]
[Black "Danninger, Jannik"]
[Result "0-1"]
[Termination "normal"]
[Board "28"]
[WhiteElo "940"]
[BlackElo "1642"]
[PlyCount "74"]
[WhiteFideId "16244710"]
[BlackFideId "16226402"]
[EventCountry "GER"]
[EventRounds "11"]
[EventType "swiss"]
[EventDate "2017.06.03"]

1. e4 c5 2. Ne2 Nc6 3. d3 Nf6 4. Be3 d6 5. Nbc3 g6 6. g3 Bg7 7. h3 a6 8. Bg2
O-O 9. O-O Bd7 10. e5 Nxe5 11. Bxb7 Rb8 12. Bg2 Rxb2 13. Rb1 Qb6 14. d4 Rxb1
15. Qxb1 Qxb1 16. Rxb1 cxd4 17. Bxd4 Nc6 18. Bxf6 Bxf6 19. Bxc6 Bxc6 20. Rb6
Bb5 21. Nxb5 axb5 22. Rxb5 Rc8 23. c3 Bxc3 24. Nxc3 Rxc3 25. a4 Kg7 26. a5 Ra3
27. Kg2 h5 28. h4 f6 29. f4 f5 30. Kh3 Kf6 31. Kg2 Ke6 32. Kh3 Ra2 33. Rb8 Rxa5
34. Rg8 Kf7 35. Rc8 Ra2 36. Rb8 d5 37. Rb4 Rd2 0-1